000 00639nam a22001817a 4500
003 UA-OsUOA
001 17448
007 ta
008 20040301b un ||||| |||| 00| 0 ukr d
100 _aБереза С.
942 _cSA
040 _aUA-OsUOA
_cUA-OsUOA
_dUA-OsUOA
245 _aЦілюща сила краєвидів і вмілі руки лікарів: [Про оздоровлення в санаторії-профілакторії ВАТ "Рівнеазот"]
300 _aС.18
955 _a0
773 0 _w0
_tСім днів
_dРівне
_d2004
_g№8/20 лют./
650 7 _aКраєзнавча робота
_2UDC
999 _c303616
_d303616